1994 NHL All-Stars - Statistics

General Stats
  • This quiz has been taken 12 times
  • The average score is 15 of 44
Answer Stats
Position/Conference Answer Team % Correct
West Centre Wayne Gretzky Los Angeles Kings
100%
West Defenceman Chris Chelios Chicago Blackhawks
91%
East Goaltender Patrick Roy Montreal Canadiens
91%
West Centre Sergei Fedorov Detroit Red Wings
91%
West Right Winger Pavel Bure Vancouver Canucks
82%
West Defenceman Al MacInnis Calgary Flames
73%
West Right Winger Brett Hull St. Louis Blues
73%
West Centre Jeremy Roenick Chicago Blackhawks
73%
West Left Winger Dave Andreychuk Toronto Maple Leafs
55%
East Centre Mark Messier New York Rangers
55%
East Defenceman Ray Bourque Boston Bruins
55%
West Right Winger Teemu Selanne Winnipeg Jets
55%
West Centre Doug Gilmour Toronto Maple Leafs
45%
East Centre Eric Lindros Philadelphia Flyers
45%
West Centre Joe Nieuwendyk Calgary Flames
45%
East Goaltender John Vanbiesbrouck Florida Panthers
45%
West Defenceman Paul Coffey Detroit Red Wings
45%
East Centre Adam Oates Boston Bruins
36%
East Right Winger Alexander Mogilny Buffalo Sabres
36%
West Left Winger Brendan Shanahan St. Louis Blues
36%
East Centre Joe Sakic Quebec Nordiques
36%
East Right Winger Mark Recchi Philadelphia Flyers
36%
East Defenceman Al Iafrate Washington Capitals
18%
West Goaltender Arturs Irbe San Jose Sharks
18%
West Goaltender Curtis Joseph St. Louis Blues
18%
West Goaltender Felix Potvin Toronto Maple Leafs
18%
East Goaltender Mike Richter New York Rangers
18%
East Centre Pierre Turgeon New York Islanders
18%
West Defenceman Rob Blake Los Angeles Kings
18%
East Defenceman Scott Stevens New Jersey Devils
18%
East Left Winger Adam Graves New York Rangers
9%
East Defenceman Brian Leetch New York Rangers
9%
East Defenceman Larry Murphy Pittsburgh Penguins
9%
West Defenceman Sandis Ozolinsh San Jose Sharks
9%
West Defenceman Alexei Kasatonov Mighty Ducks of Anaheim
0%
East Centre Alexei Yashin Ottawa Senators
0%
East Right Winger Bob Kudelski Florida Panthers
0%
East Centre Brian Bradley Tampa Bay Lightning
0%
West Right Winger Dave Taylor Los Angeles Kings
0%
East Defenceman Garry Galley Philadelphia Flyers
0%
East Left Winger Geoff Sanderson Hartford Whalers
0%
East Right Winger Joe Mullen Pittsburgh Penguins
0%
West Right Winger Russ Courtnall Dallas Stars
0%
West Left Winger Shayne Corson Edmonton Oilers
0%
No matching quizzes found
Score Distribution
Percent of People with Each Score
Percentile by Number Answered
Your Score History
You have not taken this quiz